00710nam a2200229 a 4500001001300000003000900013005001700022008004100039020001000080082001800090245001800108260005300126300000800179500003500187505004700222650002300269710003900292902000800331942000700339952011900346999001500465nice12345678IN_TiNIC20260116012808.0050524s1969 raia grp 000 0 urd  ac10000a891.4394bGHA aNazr-E-Ghalib aRaichurbGhalib Sad Sala Taqriat Committeec1969 a88p aincludes index and biblioraphy2 aFoot notes by Maulana Maulvi Ilahi Bakhsh. aUrdu-Poetry-ghalib2 aGhalib Sad Sala Taqribat Committee bSRS cBK 001040708StackRoom-aHMIbHMId2007-06-01g100.00l0o891.4394 GHAp011833r2007-06-01v100.00w2005-05-24yBK c8403d8403